Fernando Alonso's teammates - Statistics

General Stats
  • This quiz has been taken 9 times
  • The average score is 8 of 13
Answer Stats
Teammate
Team
Year
Answer % Correct
2007, McLaren. Lewis Hamilton
100%
2021-2022, Alpine. Esteban Ocon
88%
2023-2026, Aston Martin. Lance Stroll
88%
2010-2013, Ferrari. Felipe Massa
75%
2005-2006, Renault. Giancarlo Fisichella
75%
2015-2016, McLaren. Jenson Button
75%
2014, Ferrari. Kimi Räikkönen
75%
2017-2018, McLaren. Stoffel Vandoorne
75%
2003-2004, Renault. Jarno Trulli
50%
2009, Renault. Romain Grosjean
50%
2008-2009, Renault. Nelson Piquet JR
38%
2001, Minardi. Alex Yoong
25%
2001, Minardi. Tarso Marques
25%
No matching quizzes found
Score Distribution
Percent of People with Each Score
Percentile by Number Answered
Your Score History
You have not taken this quiz